| 000 | 00585nam a2200193Ia 4500 | ||
|---|---|---|---|
| 003 | GCL | ||
| 008 | 140319s9999 xx 000 0 ara d | ||
| 040 |
_aGCL / _cGCL |
||
| 082 | 0 | 4 |
_aق _b962.39 _bق س |
| 100 | 1 | _aقدرى يونس العبد | |
| 245 | 1 | 0 |
_aسينا فى مواجهة الممارسات الاسرائيلية / _cقدرى يونس العبد |
| 300 | _a187 ص | ||
| 490 |
_aاقرأ _v0 |
||
| 650 | 0 | 4 | _aسيناء |
| 650 | 0 | 4 | _aشبه جزيرة سيناء |
| 650 | 0 | 4 | _aسيناء -التاريخ |
| 650 | 0 | 4 | _aسيناء - الاحتلال |
| 942 |
_2ddc _cBK |
||
| 999 |
_c50452 _d50452 |
||